Movies Quiz

Random Movies or Halloween Quiz
Score 0/30 Timer 08:00
0 Plays Today
% Correct
The Lion King
98.7%
The Nightmare Before Christmas
96%
Star Wars: Episode IV - A New Hope
92.5%
Night at the Museum
89.5%
Batman
89.4%
Space Jam
88.8%
Snow White and the Seven Dwarfs
88.6%
Pirates of the Caribbean: The Curse of the Black Pearl
88.3%
Jurassic Park
84.2%
The Mummy
83.3%
Monty Python and the Holy Grail
79.6%
Hercules
78.7%
Ghost Rider
77.6%
The Land Before Time
73.8%
Django Unchained
73.2%
% Correct
Corpse Bride
72.4%
Alien
71.5%
Harry Potter and the Deathly Hallows: Part 2
64.9%
Indiana Jones and the Kingdom of the Crystal Skull
64%
The Rescuers
63.2%
Team America: World Police
59.6%
Donnie Darko
59%
Psycho
58.6%
Man of Steel
57%
Scrooged
56%
2001: A Space Odyssey
47.2%
The Karate Kid
43.4%
Home Alone 2: Lost in New York
39.4%
Frankenstein
33.8%
Jason and the Argonauts
33.4%

You're not logged in!

Compare scores with friends on all Sporcle quizzes.
OR
Log In

Sporcle TV

Today on Sporcle TV


Watch our educational content, quiz creation guides, and fun videos on Sporcle TV.

Show Comments

Extras

Top Quizzes Today


Score Distribution

Paid Content

Your Account Isn't Verified!

In order to create a playlist on Sporcle, you need to verify the email address you used during registration. Go to your Sporcle Settings to finish the process.

Report this User

Report this user for behavior that violates our Community Guidelines.

Details: